Análisis y perspectivas de las elecciones primarias en República Dominicana / (Registro nro. 14153)
[ vista simple ]
| 000 -LIDER | |
|---|---|
| fixed length control field | 00928nam a2200265 a 4500 |
| 001 - NÚMERO DE CONTROL | |
| Identificador de número de control | |
| 003 - IDENTIFICACDOR DE NÚMERO DE CONTROL | |
| control field | DO-SdBNP |
| 005 - DATE AND TIME OF LATEST TRANSACTION | |
| control field | 20220408084756.0 |
| 008 - ELEMENTOS DE LONGITUD FIJA | |
| fixed length control field | 180529s2017 dr 000 spa d |
| 020 ## - ISBN | |
| International Standard Book Number | 9789945590708 |
| 040 ## - FUENTE DE CATALOGACIÓN | |
| Agencia que crea de manera original el registro | DO-SdBNP |
| Idioma de catalogación | spa |
| Agencia que realiza la transcripción | BPMSU |
| 082 ## - NÚMERO DE CLASIFICACIÓN DECIMAL DE DEWEY | |
| Classification number | 324.6 |
| Item number | B352a 2017 |
| Edition number | 22 |
| 100 1# - ASIENTO PRINCIPAL -- NOMBRE PERSONAL | |
| Nombre personal | Bautista Rivera, Glennys |
| 245 10 - MENCIÓN DE TITULO | |
| Título | Análisis y perspectivas de las elecciones primarias en República Dominicana / |
| Mención de responsabilidad | Glennys Bautista Rivera, Vladimir Rozón |
| 260 ## - PUBLICACIÓN, DISTRIBUCIÓN, ETC. (PIE DE IMPRENTA) | |
| Lugar de publicación, distribución, etc | Santo Domingo : |
| Nombre del editor, distribuidor, etc. | Fundación Global Democracia y Desarrollo, |
| Fecha de publicación, distribución, etc | 2017. |
| 300 ## - DESCRIPCIÓN FÍSICA | |
| Extensión | 74 p. ; |
| Dimensiones | 24 cm. |
| 590 ## - NOTA LOCAL | |
| Texto de la nota local | Inventariado,2018/DG |
| 650 #4 - ENCABEZAMIENTO DE MATERIA--TEMÁTICO | |
| Término temático o nombre geográfico como elemento de entrada | Elecciones |
| Subdivisión geográfica | República Dominicana |
| 650 #4 - ENCABEZAMIENTO DE MATERIA--TEMÁTICO | |
| Término temático o nombre geográfico como elemento de entrada | Participación política |
| Subdivisión geográfica | República Dominicana |
| 650 #4 - ENCABEZAMIENTO DE MATERIA--TEMÁTICO | |
| Término temático o nombre geográfico como elemento de entrada | Plebiscito |
| Subdivisión geográfica | República Dominicana |
| 650 #4 - ENCABEZAMIENTO DE MATERIA--TEMÁTICO | |
| Término temático o nombre geográfico como elemento de entrada | Candidatos políticos |
| Subdivisión geográfica | República Dominicana |
| Materiales especificados | |
| 700 1# - ASIENTO SECUNDARIO -- NOMBRE PERSONAL | |
| Nombre personal | Rozón, Vladimier |
| 910 ## - VALIDACIÓN | |
| Validación | VMateo V. |
| 942 ## - ADDED ENTRY ELEMENTS (KOHA) | |
| Source of classification or shelving scheme | Dewey Decimal Classification |
| Koha item type | Libros |
| Withdrawn status | Lost status | Source of classification or shelving scheme | Damaged status | Not for loan | Collection code | Home library | Current library | Date acquired | Full call number | Barcode | Date last seen | Price effective from | Koha item type |
|---|---|---|---|---|---|---|---|---|---|---|---|---|---|
| Dewey Decimal Classification | Colección Dominicana | Biblioteca Pública Metropolitana Salomé Ureña | Biblioteca Pública Metropolitana Salomé Ureña | 04/08/2022 | BPMSU CD 324.6 B352a 2017 | BPMSU22040027 | 04/08/2022 | 04/08/2022 | Libros |